Statistics for Most Common Types of Pears

Click here to take the quiz!

General Stats

  • This quiz has been taken 6 times
  • The average score is 1 of 10

Answer Stats

RankAnswer% Correct
#4Bosc
83%
#2Barlett
33%
#6Asian
0%
#5Comice
0%
#9Concorde
0%
#8Forelle
0%
#10French Butter
0%
#1Green and Red Anjou
0%
#3Seckel
0%
#7Starkrimson
0%

Score Distribution

Percentile by Number Answered

Percent of People with Each Score

Your Score History

You have not taken this quiz